Biblioteca

Jeremías y Lamentaciones : Introducción y comentario / R. K. Harrison (Registro nro. 33629)

Detalles MARC
000 -LÍDER
Campo fijo de descripción fija 005280000a22001690004500
020 ## - NÚMERO INTERNACIONAL NORMALIZADO PARA LIBROS
Número Internacional Normalizado del libro 0-8308-5060-0
041 0# - CÓDIGO DE IDIOMA
Código de idioma para texto/pista de sonido o título separado
082 04 - NÚMERO DE CLASIFICACIÓN DECIMAL DEWEY
Número de clasificación G 224.2 H3181j
001 - NÚMERO DE CONTROL
Campo de control 2891
100 1# - ASIENTO PRINCIPAL--NOMBRE PERSONAL
Nombre personal Harrison, R. K. (Roland Kenneth)
245 10 - TÍTULO
Título del Material Jeremías y Lamentaciones : Introducción y comentario / R. K. Harrison
260 ## - PUBLICACIÓN, DISTRIBUCIÓN, ETC. (PIE DE IMPRENTA)
Lugar de publicación, distribución, etc. Buenos Aires, Argentina : Certeza
300 ## - DESCRIPCIÓN FÍSICA
Extensión 287 Pag
650 14 - ASIENTO SECUNDARIO DE MATERIA - TERMINO TEMÁTICO
Término temático o nombre geográfico como elemento de entrada BIBLIA A.T. - JEREMIAS - COMENTARIOS \ BIBLIA A.T. - LAMENTACIONES - COMENTARIOS
942 ## - TIPO DE MATERIAL (KOHA)
Tipo de Item KOHA Libros General
Existencias
Estado de Material Estado de Perdido Estado de Dañado No para Préstamo Colección Tomo Biblioteca de Origen Biblioteca Permanente Fecha de Adquisición Total de Préstamos Total de Renovaciones Signatura Topográfica Código de Barras Última vez visto Última vez Préstado Ejemplar/Existencia Fecha de Remplazo Tipo de Material
        Colección General   Biblioteca FUSBC Biblioteca FUSBC 29/11/2004 13 10 G 224.2 H3181j 13766 04/09/2020 03/03/2020 1 26/01/2016 Libros General

Biblioteca FUSBC | Teléfono: (57+4) 349 88 10 Ext. 141| WhatsApp (+57) 3005338115 
E-mail: biblioteca@unisbc.edu.co | Calle 76 87-14 Robledo Palenque, Medellín, Colombia

Con tecnología Koha